[Event "Pirai do Sul op 25th"]
[Site "Chess.com INT"]
[Date "2020.12.28"]
[Round "10"]
[White "Mota, Romulo Rodrigues"]
[Black "Nabosny, Rafael"]
[Result "1-0"]
[WhiteElo "1827"]
[BlackElo "1613"]
[PlyCount "53"]
[EventDate "2020.12.26"]
[EventType "swiss"]
[EventRounds "12"]
[EventCountry "BRA"]
[SourceTitle "CBM 200 Extra"]
[Source "ChessBase"]
[SourceDate "2021.03.31"]
[SourceVersion "1"]
[SourceVersionDate "2021.03.31"]
[SourceQuality "1"]

1. d4 Nf6 2. c4 e6 3. Nf3 Bb4+ 4. Bd2 Be7 5. Bc3 b6 6. Nbd2 Bb7 7. e3 d5 8. Bd3 0-0 9. cxd5 exd5 10. Ne5 Nbd7 11. f4 Ne4 12. 0-0 Ndf6 13. g4 Nxc3 14. bxc3 Ne4 15. g5 f6 16. Nxe4 dxe4 17. Bc4+ Bd5 18. Qb3 Bxc4 19. Qxc4+ Kh8 20. Nf7+ Rxf7 21. Qxf7 fxg5 22. Qf5 gxf4 23. Rxf4 Qd6 24. Qxe4 Rd8 25. Raf1 Bg5 26. Rf7 Qh6 27. Rf8+ 1-0

[Event "Pirai do Sul op 25th"]
[Site "Chess.com INT"]
[Date "2020.12.27"]
[Round "7"]
[White "Da Silva, Jackson Bueno"]
[Black "Nabosny, Rafael"]
[Result "0-1"]
[WhiteElo "1440"]
[BlackElo "1613"]
[PlyCount "68"]
[EventDate "2020.12.26"]
[EventType "swiss"]
[EventRounds "12"]
[EventCountry "BRA"]
[SourceTitle "CBM 200 Extra"]
[Source "ChessBase"]
[SourceDate "2021.03.31"]
[SourceVersion "1"]
[SourceVersionDate "2021.03.31"]
[SourceQuality "1"]

1. e4 c5 2. Nf3 e6 3. d4 cxd4 4. Nxd4 Nc6 5. Nc3 Qc7 6. Be3 Nf6 7. Be2 a6 8. 0-0 Bb4 9. Nxc6 bxc6 10. Bd3 d5 11. exd5 cxd5 12. Ne2 Bd6 13. h3 e5 14. c3 e4 15. Bc2 0-0 16. Bb3 Be6 17. Nd4 Rad8 18. Bg5 Be7 19. Bh4 Ne8 20. Bg3 Bd6 21. Nxe6 fxe6 22. Qg4 Rf6 23. Bh4 Rg6 24. Bxd8 Qxd8 25. Qe2 Qg5 26. f3 Qg3 27. fxe4 Qh2+ 28. Kf2 Rxg2+ 29. Ke3 Rxe2+ 30. Kd3 Rd2+ 31. Ke3 Bc5+ 32. Kf3 Qxh3+ 33. Kf4 Bd6+ 34. Kg5 Rg2# 0-1

[Event "Pirai do Sul op 25th"]
[Site "Chess.com INT"]
[Date "2020.12.27"]
[Round "6"]
[White "Nabosny, Rafael"]
[Black "Fonseca, Jeferson dos Santos"]
[Result "1-0"]
[WhiteElo "1613"]
[BlackElo "1553"]
[PlyCount "59"]
[EventDate "2020.12.26"]
[EventType "swiss"]
[EventRounds "12"]
[EventCountry "BRA"]
[SourceTitle "CBM 200 Extra"]
[Source "ChessBase"]
[SourceDate "2021.03.31"]
[SourceVersion "1"]
[SourceVersionDate "2021.03.31"]
[SourceQuality "1"]

1. d4 d5 2. Nf3 Nf6 3. c4 a6 4. cxd5 Nxd5 5. e4 Nf6 6. Nc3 Bg4 7. e5 Nd5 8. Bc4 e6 9. h3 Bh5 10. 0-0 c6 11. Ne4 Nd7 12. g4 Bg6 13. Ng3 Be7 14. Qb3 b5 15. Bd3 Bxd3 16. Qxd3 Bh4 17. Nxh4 Qxh4 18. Ne4 h6 19. Nd6+ Ke7 20. f4 f6 21. Bd2 Raf8 22. Be1 Nb4 23. Bxb4 c5 24. Be1 c4 25. Qf3 g5 26. Bxh4 gxh4 27. f5 fxe5 28. dxe5 Nxe5 29. Qb7+ Kf6 30. Ne4# 1-0

[Event "Pirai do Sul op 25th"]
[Site "Chess.com INT"]
[Date "2020.12.26"]
[Round "3"]
[White "Nabosny, Rafael"]
[Black "Schmidt, Guilherme Machado L"]
[Result "0-1"]
[WhiteElo "1613"]
[BlackElo "1534"]
[PlyCount "64"]
[EventDate "2020.12.26"]
[EventType "swiss"]
[EventRounds "12"]
[EventCountry "BRA"]
[SourceTitle "CBM 200 Extra"]
[Source "ChessBase"]
[SourceDate "2021.03.31"]
[SourceVersion "1"]
[SourceVersionDate "2021.03.31"]
[SourceQuality "1"]

1. e4 e6 2. d4 d5 3. Nc3 Nf6 4. e5 Nfd7 5. Nce2 c5 6. c3 Nc6 7. f4 cxd4 8. Nxd4 Qb6 9. Ngf3 Bc5 10. Be2 0-0 11. 0-0 Re8 12. Kh1 f6 13. Nb3 Be3 14. Bxe3 Qxe3 15. exf6 Nxf6 16. Bd3 Ng4 17. Qd2 Qxd2 18. Nbxd2 e5 19. fxe5 Ncxe5 20. Nxe5 Nxe5 21. Bc2 Bd7 22. Rad1 Ng4 23. Rf4 Re2 24. Bb3 Nf2+ 25. Rxf2 Rxf2 26. Bxd5+ Kh8 27. Ne4 Rxb2 28. Ng5 h6 29. Nf7+ Kh7 30. Be4+ Kg8 31. Rxd7 Re8 32. Ne5 Rxe5 0-1